| 000 | 00706nam a2200301Ia 4500 | ||
|---|---|---|---|
| 005 | 20260401122221.0 | ||
| 008 | 008 250103s9999 xx 000 0 eng d | ||
| 020 | _a195661192 | ||
| 037 | _aTB | ||
| 040 | _aEDL | ||
| 040 | _beng | ||
| 040 | _cEDL | ||
| 041 | _2eng | ||
| 041 | _aeng | ||
| 084 | _a181.46 GRI | ||
| 084 | _qEDL | ||
| 100 |
_aGrinshpon, Yohanan _91232934 |
||
| 245 | 0 | _aCrisis and Knowledge: Upanishadic Experience and Storytelling | |
| 245 | 0 | _cGrinshpon, Yohanan | |
| 260 | _aNew Delhi | ||
| 260 | _bOxford University Press | ||
| 260 | _c2003 | ||
| 300 | _a146p | ||
| 942 | _cTB | ||
| 942 | _h181.46 GRI | ||
| 999 |
_c1845715 _d1845715 |
||